| 000 | 00494nam a22001817a 4500 | ||
|---|---|---|---|
| 003 | CEME | ||
| 005 | 20210628204634.0 | ||
| 008 | 210222b xxu||||| |||| 00| 0 eng d | ||
| 020 | _a0-471-15243-9 | ||
| 040 | _c. | ||
| 082 | _a621.3822 MAR'S | ||
| 100 |
_aEwers, Gilian Marven, Craig _971439 |
||
| 245 | _aA simple approach to digital signal processing | ||
| 260 |
_aNEWYORK _bJOHN WILEY _c1996 |
||
| 300 | _a236P | ||
| 650 |
_aSIGNAL PROCESSING DIGITAL TECHNIQUES _9697 |
||
| 942 |
_cBK _2ddc |
||
| 999 |
_c577962 _d577962 |
||